Gayatri's maths mantra / (Record no. 81168)

MARC details
000 -LEADER
fixed length control field 00519nam a22001817a 4500
005 - DATE AND TIME OF LATEST TRANSACTION
control field 20131218143733.0
010 ## - LCCN (DPL NO)
LC control number ENG-108826
020 ## - INTERNATIONAL STANDARD BOOK NUMBER
Terms of availability 95.00
International Standard Book Number 9788184983968
035 ## - SYSTEM CONTROL NUMBER
System control number EN-92359
037 ## - SOURCE OF ACQUISITION
Source of stock number/acquisition DBAD/PUB
082 ## - DEWEY DECIMAL CLASSIFICATION NUMBER
Classification number 51071
100 ## - MAIN ENTRY--PERSONAL NAME
Personal name Lodha, Gayatri
245 ## - TITLE STATEMENT
Title Gayatri's maths mantra /
Statement of responsibility, etc by Gayatri Lodha
260 ## - PUBLICATION, DISTRIBUTION, ETC. (IMPRINT)
Place of publication, distribution, etc Pune
Name of publisher, distributor, etc Mehta Publishing House
Date of publication, distribution, etc 2012
270 ## - ADDRESS
Address 1941, Sadashiv Peth, Madiwale Colony
City Pune
Postal code 411030
300 ## - PHYSICAL DESCRIPTION
Extent 124p.
Dimensions 20cm(pbk)
942 ## - ADDED ENTRY ELEMENTS (KOHA)
Source of classification or shelving scheme Dewey Decimal Classification
Item type English Books
Call number suffix LOD
Classification part 510.71
Holdings
Withdrawn status Lost status Not for loan Collection code Home library Current library Date acquired Source of acquisition Cost, normal purchase price Full call number Barcode Copy number Cost, replacement price Koha item type
    Not For Loan Non-fiction D.B.Act.Division D.B.Act.Division 17/12/2013 DBAD/PUB 95.00 510.71 LOD EN-92359 1 95.00 English Books

© Delhi Public Library
Hit Counter
free hit counter